Основы структурного анализа

Dades bibliogràfiques
Autor principal: Кирмасов А. Б. Алексей Борисович
Sumari:В книге рассматриваются процессы формирования тектонических структур и методы их изучения. На современном уровне рассмотрены физико-механические основы структурной геологии, методы структурного анализа, структурные формы и их парагенезы. Для геологов широкого профиля, тектонистов, геологов-структурщиков, студентов старших курсов.
Idioma:rus
Publicat: Москва, Научный мир, 2011
Matèries:
Format: MixedMaterials Llibre
KOHA link:https://koha.lib.tpu.ru/cgi-bin/koha/opac-detail.pl?biblionumber=200117

MARC

LEADER 00000nam0a2200000 4500
001 200117
005 20231101224931.0
010 |a 9785915222105 
035 |a (RuTPU)RU\TPU\book\218178 
090 |a 200117 
100 |a 20110901d2011 k y0rusy50 ca 
101 0 |a rus 
102 |a RU 
105 |a a z 001zy 
200 1 |a Основы структурного анализа  |f А. Б. Кирмасов 
210 |a Москва  |c Научный мир  |d 2011 
215 |a 368 с.  |c ил. 
320 |a Предметный указатель: с. 339-345. 
320 |a Библиография: с. 346-367. 
330 |a В книге рассматриваются процессы формирования тектонических структур и методы их изучения. На современном уровне рассмотрены физико-механические основы структурной геологии, методы структурного анализа, структурные формы и их парагенезы. Для геологов широкого профиля, тектонистов, геологов-структурщиков, студентов старших курсов. 
606 1 |a Геология структурная  |2 stltpush  |3 (RuTPU)RU\TPU\subj\6122  |9 34080 
610 1 |a структурный анализ 
610 1 |a напряжения 
610 1 |a деформации 
610 1 |a тектонические деформации 
610 1 |a структурообразование 
610 1 |a горные породы 
610 1 |a деформационные структуры 
610 1 |a текстуры 
610 1 |a кинкбанды 
610 1 |a будинаж 
610 1 |a муллионы 
610 1 |a складки 
610 1 |a разрывные нарушения 
610 1 |a структурные парагенезы 
675 |a 551.243  |v 3 
700 1 |a Кирмасов  |b А. Б.  |g Алексей Борисович 
801 1 |a RU  |b 63413507  |c 20110901 
801 2 |a RU  |b 63413507  |c 20150522  |g RCR 
900 |a Современные методы структурного анализа в материаловедении 
942 |c BK 
959 |a 72/20110901  |d 5  |e 375,00  |f ЧЗТЛ:1  |f АНЛ:1  |f УФ:3